Guess the Taylor Swift Song (no hints) 41 - Statistics

General Stats
  • This quiz has been taken 192 times
  • The average score is 265 of 381
Answer Stats
Answer % Correct
a
99%
I
99%
the
98%
And
97%
and
97%
it
96%
You
96%
you
96%
"you
96%
be
95%
in
93%
In
93%
on
93%
your
93%
Your
93%
do
91%
you're
91%
You're
91%
go
90%
It's
90%
so
90%
is
89%
love
89%
we
89%
when
89%
When
89%
to
88%
To
88%
then
87%
they
87%
say
85%
say,
85%
who
85%
Who
85%
all
84%
of
84%
at
81%
At
81%
like
81%
what
81%
Don't
80%
know
80%
one
80%
Was
80%
was
80%
for
79%
them
77%
as
76%
But
76%
can
76%
had
76%
this
76%
This
76%
some
72%
she
70%
hi
69%
'Cause
68%
out
68%
gonna
67%
just
67%
think
67%
didn't
66%
up
66%
friends
64%
here
64%
mine
64%
now
64%
tell
64%
got
63%
I've
63%
day
61%
fifteen,
60%
fifteen
60%
first
60%
than
60%
Will
60%
head
59%
time
59%
you'll
59%
boy
58%
nothing
58%
Somebody
58%
could
57%
things
57%
believe
56%
they're
56%
tells
55%
La
54%
la
54%
seen
54%
very
54%
back
53%
Back
53%
best
53%
him
53%
his
53%
night
53%
take
53%
Take
53%
walk
53%
he's
52%
look
52%
haven't
51%
next
51%
soon
51%
those
51%
around,
50%
around
50%
before"
50%
before
50%
life
50%
there's
50%
wanted
50%
car
49%
through
49%
year
49%
Abigail
48%
girl
47%
red
47%
breath
46%
deep
46%
freshman
46%
We'll
46%
boys
45%
Feeling
45%
feeling
45%
mind
45%
sit
45%
years
45%
four
44%
team
44%
way
44%
kiss
43%
stay
43%
football
42%
thinking
42%
Try
42%
class
41%
doors
41%
enough
41%
figure
41%
gave
41%
morning
41%
town
41%
everything
40%
senior
40%
both
39%
date
39%
flying
39%
Greater
39%
named
39%
ain't
38%
cool
38%
dating
38%
girls
38%
cried
37%
Laughing
37%
other
37%
awhile
36%
ends
36%
everybody's
36%
room
36%
spin
36%
changed
35%
makes
35%
ten
35%
dancing
34%
heal
34%
Wish
34%
fall
33%
marry
33%
waiting
33%
wink
33%
yourself
33%
dreams
31%
Hoping
31%
supposed
31%
Count
30%
bigger
28%
forget
27%
mama's
27%
someday
27%
swore
27%
realized
26%
might
24%
find
21%
most
21%
anything
19%
found
17%
No matching quizzes found
Score Distribution
Percent of People with Each Score
Percentile by Number Answered
Your Score History
You have not taken this quiz